Producción de hortalizas

Gespeichert in:
Bibliographische Detailangaben
1. Verfasser: Casseres, Ernesto (VerfasserIn)
Format: Buch
Sprache:Spanisch
Veröffentlicht: San José Instituto Interamericano de Ciencias Agrícolas 1980
Ausgabe:3a. ed
Schriftenreihe:Libros y Materiales Educativos, 42
Schlagworte:
Tags: Tag hinzufügen
Keine Tags, Fügen Sie den ersten Tag hinzu!

MARC

LEADER 00000nam a2200000 a 4500
001 UCR4514
003 CL-VaPUC
008 980313e19800000CR |||||||||||||||||spa|d
082 0 4 |a 635  |b CAS  |2 21 
100 |a Casseres, Ernesto  |e author  |9 404771 
245 1 0 |a Producción de hortalizas 
250 |a 3a. ed 
300 |a 387 p 
942 |c BK 
945 |d 19980313 00:00:00  |a rleighto 
260 |a San José  |b Instituto Interamericano de Ciencias Agrícolas  |c 1980 
650 0 |a Horticultura  |9 259721 
650 7 |a DESARROLLO AGRICOLA  |2 CL-VaPUC  |9 259759 
650 0 |a Hortalizas  |9 259501 
650 7 |a MULTIPLICACION DE PLANTAS  |2 CL-VaPUC  |9 404772 
650 7 |a REPRODUCCION SEXUAL  |2 CL-VaPUC  |9 403003 
650 0 |a Propagación vegetativa  |9 259683 
650 7 |a TOMATE  |2 CL-VaPUC  |9 264158 
650 0 |a Pimentón (Capsicum annuum)  |9 327569 
650 0 |a Ají   |x Cultivo   |9 404773 
650 7 |a BERENJENA  |2 CL-VaPUC  |9 325629 
650 7 |a LYCOPERSICON ESCULENTUM  |2 CL-VaPUC  |9 264426 
650 7 |a CAPSICUM ANNUM  |2 CL-VaPUC  |9 327570 
583 |a last modification  |c 19980313 00:00:00  |k Rodrigo Vera 
490 0 |a Libros y Materiales Educativos, 42 
999 |c 267452  |d 267450